00977nam a2200277 a 450000100060000000300080000600500170001400800410003103500190007204000270009104100080011808200260012610000560015224500770020825000180028526000420030330000330034535000120037850400410039065000390043165000310047065100300050194200120053199900170054395201390056064937BD-RjUL20211209081353.0710802s1965 pk c b 001 0ceng  a(BD-RjUL)65067 aDLCcDLCdBD-RjULbeng aeng 223a954.035bIKM 19651 aIkram, S. M.q(Sheikh Mohamad),d1908-1973.919254310aModern Muslim India and the birth of Pakistan, 1858-1951 /cS. M. Ikram. a[2d rev. ed.] aLahore :bSh. Muhammad Ashraf,c1965. axi, 350 p. :bill. ;c23 cm. aRs20.00 aIncludes bibliographical references. 0aMuslimszIndiaxBiography.9188451 0aPakistan movement.9172060 0aIndiaxBiography.9192544 2ddccBK c64937d64937 00102ddc40708NFICaRUCLbRUCLcStackd1969-07-21eRoyal bookg20.00l0o954.035 IKM 1965r2017-02-25 00:00:00tC-1w2017-02-25yBK